La donna che fuggì a cavallo /

Gespeichert in:
Bibliographische Detailangaben
1. Verfasser: Lawrence, D. H. (Verfasst von)
Weitere Verfasser: Salvatorelli, Franco
Format: Buch
Sprache:Italienisch
Veröffentlicht: Milano : Adelphi, \2001!
Schriftenreihe:Piccola biblioteca Adelphi ; 462
Tags: Tag hinzufügen
Keine Tags, Fügen Sie das erste Tag hinzu!

MARC

LEADER 00000nam a2200000 i 4500
001 IT\ICCU\RAV\0753737
003 ItRI
005 20250306153818.0
008 010525s2001 it |||||| ||||| |||||c
015 |2 IT  |a 2002-2180 
020 |a 8845916200 
040 |b ita  |c Arcigay Rimini 
041 7 |a ita  |2 ISO-639-2 
082 |a 823.912  |2 21 
100 1 |a Lawrence, D. H.  |0 IT\ICCU\CFIV\000616  |4 aut 
240 1 4 |a The woman who rode away.  |9 Lawrence, D. H. 
245 1 3 |a La donna che fuggì a cavallo /  |c D. H. Lawrence ; traduzione di Franco Salvatorelli. 
260 |a Milano :  |b Adelphi,  |c \2001! 
300 |a 83 p. ;  |c 18 cm. 
700 1 |a Salvatorelli, Franco  |0 IT\ICCU\CFIV\046381 
830 0 |a Piccola biblioteca Adelphi ;  |v 462  |0 IT\ICCU\CFI\0003745 
942 |2 ddc  |c BK 
952 |0 0  |1 0  |2 ddc  |4 0  |6 823_912000000000000_LAW_LAD  |7 1  |9 3612  |a RN  |b RN  |d 2025-03-06  |l 0  |o 823.912 LAW LAD  |p 10871  |r 2025-03-06 15:40:53  |w 2025-03-06  |y BK  |z Donazione di Giovanni Rimondini 
981 1 |6 z01  |a i   |b xxxe  
982 1 |6 z01  |a n 
999 |c 2805  |d 2805